Statistics for First Names - In Other Words

Click here to take the quiz!

General Stats

  • This quiz has been taken 94 times
    (56 since last reset)
  • The average score is 11 of 20

Answer Stats

HintAnswer% Correct
Use this to lift your carJack
86%
The front of a duckBill
84%
A stoneworkerMason
80%
I can't hear you, speak into the...Mike
80%
She took me to courtSue
78%
Cleans your boots before you come inMatt
73%
What you do with a book or magazineReed
71%
Got upRose
71%
Document for dispersal after deathWill
69%
A small cut or notch; just in timeNick
65%
Abe Lincoln coinPenny
63%
A butter servingPat
61%
To put on an article of clothingDon
59%
A hit that allows you to visit all of the bases in baseballHomer
55%
What you are after a day at the beachSandy
41%
Throw carelessly; throw awayChuck
31%
Home to Panthers and HornetsCharlotte
27%
A short crowbarJimmy
27%
A figure or symbol to indicate or record somethingMark
27%
A short cylinder; simpler than a towel barPeg
2%

Score Distribution

Percentile by Number Answered

Percent of People with Each Score

Your Score History

You have not taken this quiz since the last reset